000 00697nam a2200253 a 4500
008
020 _a0340761318 (pbk.)
049 _aMAIN
090 _aRC454
_bPUR
100 1 _aPuri, Basant K.
245 1 0 _aRevision notes in psychiatry /
_cBasant K. Puri and Anne D. Hall.
260 _aLondon :
_bArnold ;
_c2004.
300 _a2nd ed.
300 _avi, 601 p. ;
_c21 cm.
500 _aIncludes index.
500 _aInclude bibliographical references.
650 1 _aPsychiatry.
700 _aHall, Anne D.
907 _a.b10259776
_b19-07-11
_c15-01-09
003
005 20230120204036.0
040 _cNUST
942 _cBOOKS
_kRC454
_mPUR
999 _c116087
_d116087